Madden Highest Rated Players - Statistics

General Stats
  • This quiz has been taken 573 times
  • The average score is 16 of 40
Answer Stats
Overall Overall % Correct
97 Tom Brady
98%
97 Tom Brady
98%
96 Aaron Rodgers
69%
99 Aaron Rodgers
69%
98 Aaron Rodgers
69%
98 Aaron Rodgers
69%
99 Rob Gronkowski
67%
99 Rob Gronkowski
67%
98 Rob Gronkowski
67%
98 Antonio Brown
65%
97 Antonio Brown
65%
98 Peyton Manning
61%
99 Adrian Peterson
58%
99 Adrian Peterson
58%
99 Calvin Johnson
50%
97 Richard Sherman
49%
99 Richard Sherman
49%
97 Andre Johnson
48%
98 Aaron Donald
45%
99 J.J. Watt
43%
99 J.J Watt
43%
99 J.J. Watt
43%
99 J.J. Watt
43%
97 Tyron Smith
33%
99 Von Miller
33%
97 Justin Houston
32%
99 Luke Kuechly
24%
97 Darrelle Revis
15%
97 Lesean McCoy
15%
97 Marshal Yanda
9%
97 Joe Thomas
3%
97 Patrick Willis
2%
97 Justin Houston
1%
97 Cameron Wake
0%
97 Evan Mathis
0%
98 Evan Mathis
0%
97 Josh Sitton
0%
98 Marshal Yanda
0%
97 Marshal Yanda
0%
97 Robert Quin
0%
No matching quizzes found
Score Distribution
Percent of People with Each Score
Percentile by Number Answered
Your Score History
You have not taken this quiz